| 000 | 01368cab a2200253 4500 | ||
|---|---|---|---|
| 001 | ABS55967 | ||
| 008 | 090401t1996 xxu||||| |||| 00| 0 eng d | ||
| 035 | _a(Sirsi) u20169 | ||
| 041 | _aeng | ||
| 245 | _aE Johnson & Co (Barbados) Ltd v NSR Ltd | ||
| 260 | _c1996 | ||
| 350 | _a0 | ||
| 490 |
_aWeekly Law Reports _v[1996] 3 WLR 583-592(10) |
||
| 520 | _aCA (Barbados) 9 July 1996. Vendors agreed to sell land in Barbados but 3 weeks prior to completion date a notice of intended compulsory purchase was issued by the Crown. The purchasers then gave notice to rescind the agreement and sought the return of their deposit. Appeal by vendors against the decision that although purchasers had been in breach of contract they should not forfeit the deposit or pay damages. Appeal allowed. Compulsory purchase did not frustrate the contract as it was assumed the purchaser accepted normal risks in land ownership when entering the contract to buy, including interference from the Crown. | ||
| 650 |
_aCompulsory purchase _96228 |
||
| 650 | _aCROWN LAND | ||
| 650 | _aDEPOSIT | ||
| 650 | _aE JOHNSON AND CO (BARBADOS) LTD V NSR LTD | ||
| 650 | _aVENDOR AND PURCHASER | ||
| 690 | _aENVIRONMENTAL AND LAND CONSULTANCY-PLANNING AND DEVELOPMENT-COMPULSORY PURCHASE AND COMPENSATION | ||
| 690 | _aOVERSEAS-REST OF THE WORLD | ||
| 942 | _n0 | ||
| 948 | _c04/03/1997 | ||
| 999 |
_c13515 _d13515 |
||